003910000a22001090004500090001700000245008900017041001300106100003000119942001300149773010200162999001700264 aASbSeriadas10aOptions of plant organisms for the development of new types or typogenesis in plants0 aInglés1 aHagemann, Wolfgang999566 cARTICULO1 tRevista de la Academia Colombiana de Ciencias Exactas, Física y Naturalesh110q25-42d2005g29 c16202d16202